Statistics for World Capitals 3° away from Equator compared to Country Center

Click here to take the quiz!

General Stats

  • This quiz has been taken 18 times
  • The average score is 10 of 17

Answer Stats

° Capital % Correct
3.3Beijing
88%
5.7New Delhi
82%
9.4Canberra
82%
3.8Islamabad
76%
8.6Algiers
71%
3.7Cairo
71%
4.3Hanoi
65%
5.9Tripoli
65%
4.6Jakarta
59%
4.9Brasilia
59%
4.9Cape Town
59%
3.2Tehran
53%
8.7Maputo
53%
3.5Manila
41%
3.4Caracas
35%
3.4Brazzaville
29%
3.2Muscat
18%

Score Distribution

Percentile by Number Answered

Percent of People with Each Score

Your Score History

You have not taken this quiz